000 00380nam a2200169Ia 4500
001 2922
005 20260306144842.0
008 260306t9999||||xx |||||||||||||| ||spa||
041 _aESP
082 _a234
_bC25
100 _aCantalamessa, Raniero
_eAUT
245 0 _aJesucristo el santo de Dios
300 _a
_c
650 _aGEN
654 _aCHU
942 _cLIB
_dJUS
_fJUS
_2ddc
_n
999 _c2922
_d2922